000 00463nam a22001697a 4500
005 20180313120921.0
008 160526b xxu||||| |||| 00| 0 eng d
020 _a81-203-1230-9
041 _aeng
082 _b5151
_a332.6324
100 _aSahadevan and thiripalrajan
_94189
245 _aMutual Funds:data interpretation and analysis
260 _aNew Delhi
_bprentice hall of india pvt ltd
_c2004
300 _a141
650 _aManagement
_9241
942 _cBK
999 _c1799
_d1798